| 000 | 003450000a22001450004500 | ||
|---|---|---|---|
| 020 | _a089-107-931-9 | ||
| 082 | 0 | 4 | _aGI CT L962e |
| 100 | 1 | _aLucado, Max | |
| 245 | 1 | 0 | _aYou are special / Max Lucado, il. : Sergio Martinez |
| 260 | _aIllinois : Crossway Books | ||
| 300 | _a31 p. | ||
| 650 | 1 | 4 | _aLiteratura Infantil |
| 001 | 544 | ||
| 942 | _cLGB | ||
| 999 |
_c47755 _d47755 |
||